MARC

LEADER 00000nam0a2200000 4500
001 261273
005 20231101233541.0
035 |a (RuTPU)RU\TPU\book\284249 
090 |a 261273 
100 |a 20140522d1930 k y0rusy50 ca 
101 1 |a rus  |c ger 
102 |a RU 
105 |a a z 001zy 
200 1 |a Алкалоиды  |e пер. с нем.  |f Ю. Швицер 
210 |a Ленинград  |c Научное химико-техническое изд-во  |d 1930 
215 |a 169 с.  |c ил. 
320 |a Алф. указ.: с. 165-167. 
606 1 |a Алкалоиды  |x Химия  |2 stltpush  |3 (RuTPU)RU\TPU\subj\1772  |9 30461 
610 1 |a экстракция 
610 1 |a хинин 
610 1 |a алкалоиды 
610 1 |a морфий 
610 1 |a наркотические вещества 
610 1 |a производство 
610 1 |a алкалоидное производство 
675 |a 547.94  |v 3 
700 1 |a Швицер  |b Ю. 
702 1 |a Радионов  |b В. М.  |4 340 
702 1 |a Федорова  |b А. М.  |4 730 
801 1 |a RU  |b 63413507  |c 20140522 
801 2 |a RU  |b 63413507  |c 20140625  |g RCR 
942 |c BK